Welcome to CU Library Online Public Access Catalogue (OPAC)

Textbook of Pediatric Nutrition/ (Record no. 4201)

MARC details
000 -LEADER
fixed length control field 00490nam a22001457a 4500
005 - DATE AND TIME OF LATEST TRANSACTION
control field 20250223145705.0
008 - FIXED-LENGTH DATA ELEMENTS--GENERAL INFORMATION
fixed length control field 250223b |||||||| |||| 00| 0 eng d
020 ## - INTERNATIONAL STANDARD BOOK NUMBER
International Standard Book Number 8188867748
050 ## - LIBRARY OF CONGRESS CALL NUMBER
Classification number RJ399 PED
245 ## - TITLE STATEMENT
Title Textbook of Pediatric Nutrition/
Remainder of title incorporating national and international recommendations
Statement of responsibility, etc. edited by Suraj Gupte
260 ## - PUBLICATION, DISTRIBUTION, ETC.
Place of publication, distribution, etc. New Delhi
Name of publisher, distributor, etc. Peepee Publishers & Diatributors
Date of publication, distribution, etc. 2006
300 ## - PHYSICAL DESCRIPTION
Extent xvi. 566p.
Other physical details ill. some color
Dimensions 27cm
700 ## - ADDED ENTRY--PERSONAL NAME
Personal name Gupte, Suraj
942 ## - ADDED ENTRY ELEMENTS (KOHA)
Source of classification or shelving scheme Library of Congress Classification
Koha item type Books
Suppress in OPAC No
999 ## -
-- 4201
-- 4201
Holdings
Withdrawn status Lost status Source of classification or shelving scheme Damaged status Not for loan Collection Home library Current library Shelving location Date acquired Total checkouts Full call number Barcode Date last seen Copy number Price effective from Koha item type
    Library of Congress Classification     Non-fiction Science Library (Miotso) Science Library (Miotso) General stacks 02/23/2025   RJ399 PED SLM00003844 02/23/2025 1 02/23/2025 Books
    Library of Congress Classification     Non-fiction Science Library (Miotso) Science Library (Miotso) General stacks 02/23/2025   RJ399 PED SLM00003845 02/23/2025 2 02/23/2025 Books
    Library of Congress Classification     Non-fiction Science Library (Miotso) Science Library (Miotso) General stacks 02/23/2025   RJ399 PED SLM00003846 02/23/2025 3 02/23/2025 Books
    Library of Congress Classification     Non-fiction Science Library (Miotso) Science Library (Miotso) General stacks 02/23/2025   RJ399 PED SLM00003847 02/23/2025 4 02/23/2025 Books
    Library of Congress Classification     Non-fiction Science Library (Miotso) Science Library (Miotso) General stacks 02/23/2025   RJ399 PED SLM00003848 02/23/2025 5 02/23/2025 Books
© 2023-2024 Copyright: Central University Libraries. All Rights Reserved | Created by: Mahone Tech Office